| 000 | 00000nam 2200000zi 4500 |
| 001 | 9.937673 |
| 003 | CaOODSP |
| 005 | 20240724150823 |
| 006 | m o d f |
| 007 | cr mn||||||||| |
| 008 | 240502t20242024oncd ob f000 0 fre d |
| 020 | |a9780660717241 |
| 040 | |aCaOODSP|bfre|erda|cCaOODSP |
| 043 | |an-cn--- |
| 086 | 1 |aHP40-286/2024F-PDF |
| 245 | 00|aUtilisation du vaccin contre la rougeole, la rubéole et les oreillons (RRO) pour la prise en charge des éclosions d'oreillons au Canada. |
| 250 | |a[Édition révisée juillet 2024]. |
| 264 | 1|aOttawa (Ontario) : |bAgence de la santé publique du Canada = Public Health Agency of Canada, |c2024. |
| 264 | 4|c©2024 |
| 300 | |a1 ressource en ligne (54 pages) : |bgraphiques |
| 336 | |atexte|btxt|2rdacontent/fre |
| 337 | |ainformatique|bc|2rdamedia/fre |
| 338 | |aressource en ligne|bcr|2rdacarrier/fre |
| 500 | |aTitre de la couverture. |
| 500 | |a« Version révisée : juillet 2024. » |
| 500 | |aPublié aussi en anglais sous le titre : Use of measles-mumps-rubella (MMR) vaccine for the management of mumps outbreaks in Canada. |
| 500 | |aEn tête du titre : Déclaration d'un comité consultatif (DCC), Comité consultatif national de l'immunisation (CCNI). |
| 500 | |a« Avis au lecteur : Les erreurs dans les références ont été corrigées. » |
| 504 | |aComprend des références bibliographiques (pages 35-41). |
| 520 | |a« La présente déclaration offre un résumé des données probantes et des recommandations en matière d'administration de doses supplémentaires du vaccin RRO pendant les éclosions d'oreillons, y compris l'administration hors indication d'une troisième dose du vaccin (RRO3) chez les personnes qui ont déjà reçu deux doses valides, à prendre en considération par les programmes de santé publique » -- Page 5. |
| 650 | 0|aOreillons|xVaccination|zCanada. |
| 710 | 2 |aAgence de santé publique du Canada, |eorganisme de publication. |
| 710 | 1 |aCanada. |bComité consultatif national de l'immunisation, |eorganisme de publication. |
| 775 | 08|tUse of measles-mumps-rubella (MMR) vaccine for the management of mumps outbreaks in Canada.|w(CaOODSP)9.937672 |
| 795 | |tUtilisation du vaccin contre la rougeole, la rubéole et les oreillons (RRO) pour la prise en charge des éclosions d’oreillons au Canada.|b[Édition de juillet 2021]|w(CaOODSP)9.898656 |
| 856 | 40|qPDF|s995 Ko|uhttps://publications.gc.ca/collections/collection_2024/aspc-phac/HP40-286-2024-fra.pdf |
| 856 | 4 |qHTML|sS.O.|uhttps://www.canada.ca/fr/sante-publique/services/publications/vaccins-immunisation/utilisation-vaccin-contre-rougeole-rubeole-oreillons-prise-charge-eclosions-canada.html |
| 986 | |a240117 |